00787nam a22002297a 450000500170000000800410001704000270005804100080008504400070009308200180010010000250011824500340014326000950017730000370027265000190030965000170032865000100034565000110035594200150036699900170038195201590039820200104041754.0170309b xxu||||| |||| 00| 0 spa d aCO-BoIAVH cCO-BoIAVH  aspa aho a578.748bJ64s1 aJohannessen, Carl L.10aSavannas of interior Honduras alos Ángeles California:bUniversity of California Press Berkeley and los Angeles,c1963. a173 paginasbfotografias, tablas14aEntorno fisico14aVegetación14aClima14aSuelos 2ddccLIBRO c19412d19412 00102ddc40708GENERALIINV2017aBogotabBogotad2017-03-09eAmazonl0oLB-578.748 J64sp034564r2017-03-09 00:00:00tEj. 1w2017-03-09xDonacionyLIBRO